| 000 | 00517nam a2200205Ia 4500 | ||
|---|---|---|---|
| 008 | 170918s9999 xx 000 0 und d | ||
| 020 | _a9780143117582 | ||
| 050 | _bL579wi 2010 | ||
| 100 | _aLeon, Donna | ||
| 245 | _aWilful behavior : | ||
| 245 | _ba commissario Guido Brunetti mystery / | ||
| 245 | _cby Donna Leon. | ||
| 260 | _aGreat Britain : | ||
| 260 | _bPenguin Books, | ||
| 260 | _c2010 | ||
| 300 | _a310 pages : | ||
| 300 | _billustrations ; | ||
| 300 | _c19cm. | ||
| 300 | _eA penguin mystery. | ||
| 999 |
_c344258 _d344258 |
||